00646nam a2200193Ia 4500952013100000999001700131003000400148005001700152008004100169020001800210040000900228082002200237100002600259245003700285260005800322300000900380650001300389942005000402 00102ddc40708SSaMESbMEScMALd2019-02-20g75.00l0o894.812301 BHA/Pp31611r2019-02-20 00:00:00w2019-02-20yBKzGR30R1 c28941d28941OSt20210105095304.0190216s9999||||xx |||||||||||||| ||und|| a9788182643772 coclc a894.812301bBHA/P aBharadwaj, Babu96732 0aPuppet Theatre /cBabu Bharadwaj bMathrubhumi Printing & Publishing,aKozhikode:c2007. a152p aKathakal cBK2ddch894.812301iBHA/Pk894.812301mBHA/P